| 000 | 00771nam a2200277Ia 4500 | ||
|---|---|---|---|
| 003 | OSt | ||
| 005 | 20221006144658.0 | ||
| 006 | a|||||r|||| 00| 0 | ||
| 007 | ta | ||
| 008 | 221006b |||||||| |||| 00| 0 eng d | ||
| 020 |
_a0029286107 _c122.00 |
||
| 024 | _a12,345 | ||
| 037 | _cTextual | ||
| 040 |
_aEASL _cEASL _beng |
||
| 041 |
_2eng _aeng |
||
| 082 | _aV41.N49, L5 | ||
| 100 | _aSHERIDAN James E | ||
| 245 | 0 |
_aChina in disintegration _b Republican era in Chinese hisotory, 1912-1949 |
|
| 260 |
_aNew York _bFree Press _c1975 |
||
| 300 |
_a388p. _ccm. |
||
| 650 | _a CEL | ||
| 650 |
_a China history republic _9652592 |
||
| 650 |
_aWarlords _9652593 |
||
| 942 |
_hV41.N49, L5 _cTEXL _2CC |
||
| 999 |
_c1080431 _d1080431 |
||